Statistiques concernant Culture Générale - Série 2604

Cliquez ici pour prendre le quiz!

Statistiques générales

  • Ce quiz a été pris 73 fois
  • Le résultat moyen est 4 sur 10

Statistiques - réponses

QuestionRéponse% Correct
En quelle année fut proclamée la 1ère République française ?1792
69%
Comment s'appelle la femelle du lièvre ?hase
63%
En quelle année les Etats-Unis d'Amérique se sont-ils déclarés indépendants ?1776
58%
Quel philosophe fut le précepteur d'Alexandre le Grand ?Aristote
57%
Histoire drôle, gag - Poche souple dans laquelle les fumeurs mettent leur tabacblague
45%
Pain plat de forme ronde originaire du Moyen-Orient préhistorique et consommé couramment en Europe du Sud-Est et au Moyen-Orient - 4 lettres.pita
35%
Quel fleuve de 3180 km traverse la Chine, l'Inde et le Pakistan ?Indus
23%
Esclave attachée au service des femmes d'un harem - 9 lettres commençant par " o "odalisque
12%
Membrane qui recouvre et maintient en place la cavité abdominale et les viscères qu'elle contientpéritoine
12%
Quel ministre de Louis XIV fonda l'Hôtel des Invalides dont il se fit lui-même directeur d'hôpital et administrateur général ?Louvois
9%

Distribution des résultats

Percentile par nombre de réponses

% des personnes avec chaque résultat

Votre développement - résultats

Vous n’avez pas pris ce quiz